TEXT BOOK OF MEDICAL PHYSIOLOGY (Record no. 16896)

MARC details
000 -LEADER
fixed length control field 00341nam a22001577a 4500
003 - CONTROL NUMBER IDENTIFIER
control field SGT
020 ## - INTERNATIONAL STANDARD BOOK NUMBER
International Standard Book Number 978-93-080316-72-7
082 ## - DEWEY DECIMAL CLASSIFICATION NUMBER
Classification number 612
Item number M19P
100 ## - MAIN ENTRY--PERSONAL NAME
Personal name PAL,G.K
245 ## - TITLE STATEMENT
Title TEXT BOOK OF MEDICAL PHYSIOLOGY
250 ## - EDITION STATEMENT
Edition statement 3RD
260 ## - PUBLICATION, DISTRIBUTION, ETC. (IMPRINT)
Place of publication, distribution, etc NEW DELHI
Name of publisher, distributor, etc AHUJA PUB
Year of Publication 2019
300 ## - PAGE DESCRIPTION
No. of Pages 1054
650 ## - SUBJECT ADDED ENTRY--TOPICAL TERM
Topical term or geographic name as entry element AYURVEDA
942 ## - ADDED ENTRY ELEMENTS (KOHA)
Source of classification or shelving scheme Dewey Decimal Classification
Koha item type Books
942 ## - ADDED ENTRY ELEMENTS (KOHA)
-- 11
Holdings
Withdrawn status Lost status Source of classification or shelving scheme Damaged status Not for loan Collection code Home library Current library Shelving location Date acquired Vendor Name Cost, normal purchase price SGTU Bill Number Total Checkouts Total Renewals Full call number Accession No. (Barcode) Date last seen Date last borrowed Bill Date Koha item type Use restrictions
    Dewey Decimal Classification     AYURVEDA SGT FA-FP Library SGT FA-FP Library Text Book 14/02/2019 AHUJA PUB 1450.00 SGTU 10602 4 2 612 M19P FA10006 28/02/2025 17/01/2025 31/01/2019 Books  
    Dewey Decimal Classification     AYURVEDA SGT FA-FP Library SGT FA-FP Library Reference Book 14/02/2019 AHUJA PUB 1450.00 SGTU 10602     612 M19P FA10007 14/02/2019   31/01/2019 Books Restricted Access
    Dewey Decimal Classification     AYURVEDA SGT FA-FP Library SGT FA-FP Library Text Book 14/02/2019 AHUJA PUB 1450.00 SGTU 10602 4   612 M19P FA10008 24/09/2025 24/09/2025 31/01/2019 Books  
    Dewey Decimal Classification     AYURVEDA SGT FA-FP Library SGT FA-FP Library Text Book 14/02/2019 AHUJA PUB 1450.00 SGTU 10602 2   612 M19P FA10009 10/05/2025 24/04/2025 31/01/2019 Books  
    Dewey Decimal Classification     AYURVEDA SGT FA-FP Library SGT FA-FP Library Text Book 14/02/2019 AHUJA PUB 1450.00 SGTU 10602 4 1 612 M19P FA10010 04/04/2025 20/03/2025 31/01/2019 Books